Statistiques concernant Culture Générale - Série 1043

Cliquez ici pour prendre le quiz!

Statistiques générales

  • Ce quiz a été pris 45 fois
  • Le résultat moyen est 6 sur 10

Statistiques - réponses

QuestionRéponse% Correct
Peu avant l'accouchement, quand la paroi de la cavité amniotique se rompt, les femmes perdent les...eaux
96%
De quel pays est originaire le judo ?Japon
96%
Complétez l'expression : "Qui veut tuer son chien l'accuse de la...rage
71%
Quelle est la sucrerie préférée du lieutenant Kojak ?sucette
62%
Quelle flûte traversière porte un nom signifiant littéralement : "petit", en italien ?piccolo
62%
D'après Georges Brassens, le bateau qui "naviguait en père peinard sur la grand-mare des canards" s'appelait...les Copains d''abord
58%
Quel mot rimant avec "divinement" désigne la voûte céleste ?firmament
56%
Selon l'expression, un dîner à la bonne franquette est un repas "à la fortune du...pot
40%
Quelle pierre fine de couleur bleu-vert tire son nom d'un adjectif signifiant "turc" en ancien français ?turquoise
36%
À quel maître du vaudeville doit-on “Le Dindon” ?Georges Feydeau
31%

Distribution des résultats

Percentile par nombre de réponses

% des personnes avec chaque résultat

Votre développement - résultats

Vous n’avez pas pris ce quiz